000
00349nam a2200133Ia 4500
008
231129s9999||||xx |||||||||||||| ||spa||
020
_a
978-84-8441-322-6
040
_b
spa
082
_a
Ch863 S684s
100
_a
Solar Francisca
245
0
_a
La septima M
264
_a
Random House Mondadori
942
_2
ddc
_c
BKS
999
_c
18212
_d
18212